Capitals and Countries of Oceania - HARD - Statistics

General Stats
  • This quiz has been taken 1,337 times
    887 since last reset
  • The average score is 11 of 14
Answer Stats
Capital, Country % Correct
Canberra, Australia
97%
Wellington, New Zealand
93%
Suva, Fiji
84%
Apia, Samoa
81%
Port Moresby, Papua New Guinea
81%
Port Vila, Vanuatu
76%
Funafuti, Tuvalu
74%
Nuku'alofa, Tonga
74%
Majuro, Marshall Islands
72%
Yaren, Nauru
72%
Ngerulmud, Palau
71%
South Tarawa, Kiribati
71%
Honiara, Solomon Islands
70%
Palikir, Federated States of Micronesia
43%
No matching quizzes found
Score Distribution
Percent of People with Each Score
Percentile by Number Answered
Your Score History
You have not taken this quiz since the last reset